<?xml version="1.0" encoding="UTF-8"?>
<record
    xmlns:xsi="http://www.w3.org/2001/XMLSchema-instance"
    xsi:schemaLocation="http://www.loc.gov/MARC21/slim http://www.loc.gov/standards/marcxml/schema/MARC21slim.xsd"
    xmlns="http://www.loc.gov/MARC21/slim">

  <leader>00624nam a22002177a 4500</leader>
  <controlfield tag="003">OSt</controlfield>
  <controlfield tag="005">20140310182934.0</controlfield>
  <controlfield tag="008">130201t        xxu||||| |||| 00| 0 eng d</controlfield>
  <datafield tag="020" ind1=" " ind2=" ">
    <subfield code="a">9789715422949</subfield>
  </datafield>
  <datafield tag="050" ind1=" " ind2=" ">
    <subfield code="a">GR325 .</subfield>
    <subfield code="b">Eu87 2001  </subfield>
  </datafield>
  <datafield tag="082" ind1=" " ind2=" ">
    <subfield code="a">FIL 398.21599</subfield>
    <subfield code="b">P53 2001</subfield>
  </datafield>
  <datafield tag="245" ind1=" " ind2=" ">
    <subfield code="a">Philippine folk literature :</subfield>
    <subfield code="b">the epics /</subfield>
    <subfield code="c">Eugenio, Damian L. </subfield>
  </datafield>
  <datafield tag="260" ind1=" " ind2=" ">
    <subfield code="a">Diliman, Quezon City : </subfield>
    <subfield code="b">University of the Philippines Press, </subfield>
    <subfield code="c">2001.</subfield>
  </datafield>
  <datafield tag="300" ind1=" " ind2=" ">
    <subfield code="a">lvii, 600 p. ; </subfield>
    <subfield code="c">25 cm.</subfield>
  </datafield>
  <datafield tag="521" ind1=" " ind2=" ">
    <subfield code="a">college students</subfield>
  </datafield>
  <datafield tag="526" ind1=" " ind2=" ">
    <subfield code="c">1210L-1700L</subfield>
  </datafield>
  <datafield tag="541" ind1=" " ind2=" ">
    <subfield code="j">1</subfield>
  </datafield>
  <datafield tag="541" ind1=" " ind2=" ">
    <subfield code="j">2</subfield>
  </datafield>
  <datafield tag="562" ind1=" " ind2=" ">
    <subfield code="e">2</subfield>
  </datafield>
  <datafield tag="942" ind1=" " ind2=" ">
    <subfield code="2">lcc</subfield>
    <subfield code="c">BK</subfield>
    <subfield code="k">FIL</subfield>
  </datafield>
  <datafield tag="999" ind1=" " ind2=" ">
    <subfield code="c">17586</subfield>
    <subfield code="d">17586</subfield>
  </datafield>
  <datafield tag="952" ind1=" " ind2=" ">
    <subfield code="0">0</subfield>
    <subfield code="1">0</subfield>
    <subfield code="2">lcc</subfield>
    <subfield code="4">0</subfield>
    <subfield code="a">CL</subfield>
    <subfield code="b">CL</subfield>
    <subfield code="c">FIL</subfield>
    <subfield code="d">2013-05-06</subfield>
    <subfield code="l">2</subfield>
    <subfield code="o">GR 325 .Eu87 2001</subfield>
    <subfield code="p">c14627</subfield>
    <subfield code="r">2019-04-08 00:00:00</subfield>
    <subfield code="s">2019-04-03</subfield>
    <subfield code="t">1</subfield>
    <subfield code="w">2013-11-14</subfield>
    <subfield code="y">BK</subfield>
  </datafield>
  <datafield tag="952" ind1=" " ind2=" ">
    <subfield code="0">0</subfield>
    <subfield code="1">0</subfield>
    <subfield code="2">lcc</subfield>
    <subfield code="4">0</subfield>
    <subfield code="a">CL</subfield>
    <subfield code="b">CL</subfield>
    <subfield code="c">FIL</subfield>
    <subfield code="d">2013-05-06</subfield>
    <subfield code="l">0</subfield>
    <subfield code="o">GR 325 .Eu87 2001</subfield>
    <subfield code="p">c2295</subfield>
    <subfield code="r">2018-05-08 00:00:00</subfield>
    <subfield code="t">2</subfield>
    <subfield code="w">2013-11-14</subfield>
    <subfield code="y">BK</subfield>
  </datafield>
</record>
